Catálogo público

Influencia de la pasta de tejocote sobre la funcionalidad, microestructura y factores de calidad del yogur / (Record no. 219264)

MARC details
000 -CABECERA
campo de control de longitud fija 05121nam a2200457 a 4500
003 - IDENTIFICADOR DEL NÚMERO DE CONTROL
campo de control CHAP
005 - FECHA Y HORA DE LA ÚLTIMA TRANSACCIÓN
campo de control 20240530184902.0
007 - CAMPO FIJO DE DESCRIPCIÓN FÍSICA--INFORMACIÓN GENERAL
campo de control de longitud fija ta
008 - DATOS DE LONGITUD FIJA--INFORMACIÓN GENERAL
campo de control de longitud fija 231013s2021 mx ado|fom||| 001 0 spa d
040 ## - FUENTE DE LA CATALOGACIÓN
Normas de descripción rda
041 ## - CÓDIGO DE LENGUA
Código de lengua del texto/banda sonora o título independiente spa
Código de lengua del sumario o resumen eng
100 1# - ENTRADA PRINCIPAL--NOMBRE DE PERSONA
9 (RLIN) 188130
Nombre de persona Olvera Ortiz, Azucena
240 10 - TÍTULO UNIFORME
Título uniforme Influence of tejocote paste on functionality, microstructure and quality factores of yogurt.
Lenguaje de la obra Español
245 1# - MENCIÓN DE TÍTULO
Título Influencia de la pasta de tejocote sobre la funcionalidad, microestructura y factores de calidad del yogur /
Mención de responsabilidad, etc. Azucena Olvera Ortiz
264 ## - PRODUCCIÓN, PUBLICACIÓN, DISTRIBUCIÓN, FABRICACIÓN Y COPYRIGHT
Producción, publicación, distribución, fabricación y copyright Chapingo, México :
Nombre del de productor, editor, distribuidor, fabricante El autor,
Fecha de producción, publicación, distribución, fabricación o copyright 2021
300 ## - DESCRIPCIÓN FÍSICA
Extensión 1 recurso en línea (xi, 92 páginas) :
Otras características físicas ilustraciones, tablas, gráficas, fotos
336 ## - TIPO DE CONTENIDO
Fuente rdacontent
Término de tipo de contenido texto
Código de tipo de contenido txt
337 ## - TIPO DE MEDIO
Fuente rdamedia
Nombre/término del tipo de medio computadora
Código del tipo de medio c
338 ## - TIPO DE SOPORTE
Fuente rdacarrier
Nombre/término del tipo de soporte recurso en línea
Código del tipo de soporte cr
502 ## - NOTA DE TESIS
Nota de tesis Tesis
Tipo de título (Maestro en Ciencia y Tecnología Agroalimentaria) --
Nombre de la institución que otorga el título Departamento de Ingeniería Agroindustrial,
Año de obtención del título 2021
Información miscelánea Maestría
504 ## - NOTA DE BIBLIOGRAFÍA, ETC.
Nota de bibliografía, etc. Incluye bibliografías
520 3# - SUMARIO, ETC.
Sumario, etc. El objetivo del presente estudio fue determinar las propiedades fisicoquímicas, reológicas, microestructurales, actividad antioxidante, atributos sensoriales y sinéresis de yogures batidos adicionados con 0 (Y control), 0.1 (Y0.1), 0.3 (Y0.3) y 0.5 % p/p (Y0.5) de pasta de tejocote (PT). La cinética de acidificación fue determinada durante la elaboración de los yogures; los cuales se almacenaron a 4ºC durante 21 días. La adición de pasta disminuyó el tiempo de fermentación de 8 ± 0.1h (Y) a 5.8 ± 0.1 h (Y0.5) y causó incrementos en el porcentaje de ácido láctico hasta en 17 % (Y0.5). El porcentaje de sinéresis de los yogures adicionados con PT disminuyó 18 % y exhibieron valores mayores de G’ (módulo de almacenamiento) y G” (módulo de pérdida) respecto de Y. El comportamiento de flujo de los yogures fue descrito por el modelo de Ellis, donde la viscosidad a bajas tasas de corte y la constante de tiempo asociada al tiempo de relajación de los polímeros en solución, mostraron valores más altos conforme se aumentó la concentración de PT. Las micrografías ópticas mostraron redes proteínicas más cerradas, con menor índice de heterogeneidad para Y0.1, Y0.3 y Y0.5 (17.6 ± 1.7, 18.4 ± 2.4 y 24 ± 2.4) respecto de Y (28.4 ± 3). El porcentaje de inhibición del radical DPPH se incrementó al aumentar la concentración de PT; así, el mayor porcentaje de inhibición fue 53 ± 1.5 % (Y0.5) y el menor 39.57 ± 0.62 % (Y). Y0.1 y Y0.3 obtuvieron una aceptabilidad global de 3.92 ± 0.79 y 4.12 ± 0.72 en una escala de 5 puntos. Los resultados mostraron el potencial uso de PT como ingrediente funcional en yogur.
520 3# - SUMARIO, ETC.
Sumario, etc. The objective of this study was to determine the physicochemical, rheological and microstructural properties, antioxidant activity, sensory attributes and syneresis of stirred yogurts added with 0 (Y control), 0.1 (Y0.1), 0.3 (Y0.3) and 0.5 (Y0.5) % w/w of tejocote paste (TP). The acidification kinetics was determined during the preparation of the yogurts, which were stored at 4ºC for 21 days. The addition of paste decreased the fermentation time from 8 ± 0.1 h (Y) to 5.8 ± 0.1 h (Y0.5) and caused increases in the percentage of lactic acid by up to 17% (Y0.5). The syneresis percentage of yogurts added with TP decreased by 18% and exhibited higher values of G' (storage module) and G" (loss module) than that of the Y. Flow behavior of yogurts was described by the Ellis model, where low shear limiting viscosity and time constant associated to the relaxation time of polymers in solution exhibited higher values as the concentration of TP was increased. Optical micrographs showed more compact protein networks with lower heterogeneity index for Y0.1, Y0.3 and Y0.5 (17.6 ± 1.7, 18.4 ± 2.4 and 24 ± 2.4) in comparison to the Y (28.4 ± 3). The percentage of inhibition of the DPPH radical increased with the increment of TP concentration; thus, the highest percentage inhibition was 53 ± 1.5 % (Y0.5) and the lowest 39.57 ± 0.62 % (Y). Y0.1 and Y0.3 obtained an overall acceptability of 3.92 ± 0.79 and 4.12 ± 0.72 on a 5-point scale. The results showed the potential use of TP as a functional ingredient in yogurt
650 13 - PUNTO DE ACCESO ADICIONAL DE MATERIA--TÉRMINO DE MATERIA
9 (RLIN) 154232
Término de materia o nombre geográfico como elemento de entrada Pectinas
Subdivisión general Crataegus
650 13 - PUNTO DE ACCESO ADICIONAL DE MATERIA--TÉRMINO DE MATERIA
9 (RLIN) 92124
Término de materia o nombre geográfico como elemento de entrada Productos lácteos
650 13 - PUNTO DE ACCESO ADICIONAL DE MATERIA--TÉRMINO DE MATERIA
9 (RLIN) 147092
Término de materia o nombre geográfico como elemento de entrada Yogur
Subdivisión general Propiedades fisicoquímicas
650 13 - PUNTO DE ACCESO ADICIONAL DE MATERIA--TÉRMINO DE MATERIA
9 (RLIN) 147092
Término de materia o nombre geográfico como elemento de entrada Yogur
Subdivisión general Propiedades rheológicas
650 13 - PUNTO DE ACCESO ADICIONAL DE MATERIA--TÉRMINO DE MATERIA
9 (RLIN) 147092
Término de materia o nombre geográfico como elemento de entrada Yogur
Subdivisión general Evaluación sensorial de los alimentos
650 13 - PUNTO DE ACCESO ADICIONAL DE MATERIA--TÉRMINO DE MATERIA
9 (RLIN) 147092
Término de materia o nombre geográfico como elemento de entrada Yogur
Subdivisión general Calidad del producto
650 13 - PUNTO DE ACCESO ADICIONAL DE MATERIA--TÉRMINO DE MATERIA
9 (RLIN) 154233
Término de materia o nombre geográfico como elemento de entrada Pectins
Subdivisión general Crataegus
650 13 - PUNTO DE ACCESO ADICIONAL DE MATERIA--TÉRMINO DE MATERIA
9 (RLIN) 147672
Término de materia o nombre geográfico como elemento de entrada Dairy products
650 13 - PUNTO DE ACCESO ADICIONAL DE MATERIA--TÉRMINO DE MATERIA
9 (RLIN) 123161
Término de materia o nombre geográfico como elemento de entrada Yogurt
Subdivisión general Physicochemical properties
650 13 - PUNTO DE ACCESO ADICIONAL DE MATERIA--TÉRMINO DE MATERIA
9 (RLIN) 123161
Término de materia o nombre geográfico como elemento de entrada Yogurt
Subdivisión general Rheological properties
650 13 - PUNTO DE ACCESO ADICIONAL DE MATERIA--TÉRMINO DE MATERIA
9 (RLIN) 123161
Término de materia o nombre geográfico como elemento de entrada Yogurt
Subdivisión general Sensory evaluation
650 13 - PUNTO DE ACCESO ADICIONAL DE MATERIA--TÉRMINO DE MATERIA
9 (RLIN) 123161
Término de materia o nombre geográfico como elemento de entrada Yogurt
Subdivisión general Product quality
700 1# - PUNTO DE ACCESO ADICIONAL--NOMBRE DE PERSONA
9 (RLIN) 54548
Nombre de persona Hernández Rodríguez, Landy
Término indicativo de función/relación directora
700 1# - PUNTO DE ACCESO ADICIONAL--NOMBRE DE PERSONA
9 (RLIN) 151494
Nombre de persona Lobato Calleros, Consuelo Silvia Olivia
Término indicativo de función/relación asesora
700 1# - PUNTO DE ACCESO ADICIONAL--NOMBRE DE PERSONA
9 (RLIN) 151810
Nombre de persona Sandoval Castilla, Ofelia
Término indicativo de función/relación asesora
856 40 - LOCALIZACIÓN Y ACCESO ELECTRÓNICOS
Texto de enlace DESCARGAR PDF
Identificador Uniforme del Recurso http://10.13.5.2/tesis/tm/1912743-2_Azucena_Olvera_Ortiz.pdf
942 ## - ELEMENTOS DE PUNTO DE ACCESO ADICIONAL (KOHA)
Fuente del sistema de clasificación o colocación Clasificación Universidad Autónoma Chapingo
Tipo de ítem Koha Tesis digital
Holdings
Estado de retiro Estado de pérdida Fuente del sistema de clasificación o colocación Estado dañado No para préstamo Código de colección Localización permanente Ubicación/localización actual Ubicación en estantería Fecha de adquisición Fuente de adquisición Total de préstamos Código de barras Fecha visto por última vez Precio válido a partir de Tipo de ítem Koha Restricciones de uso Signatura topográfica completa
    Clasificación Universidad Autónoma de Chapingo     Tesis digitales de Maestría Biblioteca Digital Biblioteca Digital En línea 06/02/2024 El autor   1301013793 06/02/2024 06/02/2024 Tesis digital Préstamo interno Tesis digital
    Clasificación Universidad Autónoma de Chapingo     Tesis digitales de Maestría Ingenieria Agroindustrial Ingenieria Agroindustrial En línea 13/10/2023 El autor   1201013793 13/10/2023 13/10/2023 Tesis digital